Foundations of inference in natural science Volume 33

Podrobná bibliografia
Hlavný autor: Wisdom, John Oulton (Autor)
Médium: Kniha
Jazyk:angličtina
Fyzický popis:x, 242 s. 24 cm
Vydavateľské údaje: London New York Routledge 2009
ISBN:9780415475013
0415475015
9780415420297
0415420296
Vydanie:1st publ.
Edícia:Routledge library editions: History and philosophy of science
Predmet:

MARC

LEADER 00000cam a2200000 a 4500
001 vtls010040488
003 SK-MaSNL
005 20260302044510.0
008 240318s2009 xxk f 001 0 eng
020 |a 9780415475013  |q (viaz. : 33. vol.) 
020 |a 0415475015 
020 |a 9780415420297  |q (set) 
020 |a 0415420296 
040 |a SNK  |b slo  |c SNK  |e AACR2 
041 0 |a eng 
044 |a xxk  |a xxu  |c GB  |c US 
072 7 |a 00  |x Veda. Všeobecnosti. Základy vedy a kultúry. Vedecká práca  |2 konspekt 
080 |a (048.8)  |2 2001 
080 |a 001  |2 2001 
080 |a 001.8  |2 2001 
100 1 |a Wisdom, John Oulton  |4 aut  |9 700380 
245 1 0 |a Foundations of inference in natural science  |n Volume 33  |c by John Oulton Wisdom 
250 |a 1st publ. 
260 |a London  |a New York  |b Routledge  |c 2009 
300 |a x, 242 s.  |c 24 cm 
490 1 |a Routledge library editions: History and philosophy of science 
500 |a Faksimile z r. 1952 
650 0 7 |a veda  |x metodológia  |2 SNKPH  |9 324174 
650 0 7 |a Science  |x methodology  |2 SNKPHeng  |9 324175 
655 7 |a monografie  |2 SNKPH  |9 70139 
655 7 |a Monographs  |2 SNKPHeng  |9 120675 
830 0 |a Routledge library editions: History and philosophy of science  |9 324140 
919 |a 978-0-415-47501-3 
999 |c 1089913  |d 1091843 
952 |a SNK  |b SNK  |y VYP  |7 0  |p 17A0663797  |o snkIC 138722/33  |i snk2010/12950  |8 3  |g 105.14  |0 0  |1 0  |4 0  |d 2010-06-11  |l 0  |r 2026-02-24 16:54:11  |w 2026-02-24